000 00306cam a2200121ua 4500
082 _a330.1
_bALE/DH
100 _aAlexander, Joseph K.
_91707
245 _aDhanashastra Tatvangal /
250 _a5 /
260 _aThiruvananthapuram :
_bKerala Bhasha Institute ,
_c1978.
300 _a503 ; .
942 _cBK
999 _c4116
_d4116